Statistics for Busby Family Quiz

Click here to take the quiz!

General Stats

  • This quiz has been taken 232 times
  • The average score is 8 of 8

Answer Stats

HintAnswer% Correct
FatherAdam
99%
MotherDanielle
98%
QuintHazel
97%
QuintAva
96%
QuintParker
96%
Oldest daughterBlayke
94%
QuintOlivia
94%
QuintRiley
93%

Score Distribution

Percentile by Number Answered

Percent of People with Each Score

Your Score History

You have not taken this quiz